Sports Quiz

Random Sports or Soccer Quiz

Soccer Rules Quiz Stats

 Plays Quiz not verified by Sporcle

Support Sporcle.
Go Orange.
Score 0/17 Timer 07:00
0 Plays Today
Hint Answer % Correct
When someone shoots the ball into the net it is called a ______.Goal
99.5%
This color card means you thrown out of the game.Red Card
95.8%
When some makes a slide tackle they get a warning. What color card do you get for a warning?Yellow Card
95.4%
In most other countries soccer is called ______.Football
95%
A full game is ___ minutes90
86.8%
If the ball goes out on one of the sidelines it is a _____.Throw-In
85.9%
If the other team gets a foul anywhere besides the box your shooting towards you get a ________.Free Kick
85.6%
2 ___ minute halves.45
85.1%
If you shoot the ball and the goalie or anyone else touches the ball and the ball goes out on the side with the goal you get the ball and then do what?Corner Kick
83.9%
Hint Answer % Correct
In the FIFA you must have this size ball.5
83.4%
If you kick the ball past the goal and it does not touch the goalie or anyone else the other team gets a what?Goal Kick
83.4%
If the other team gets a foul inside the box your shooting towards you get a what?Penalty Kick
78.4%
When someone taps the ball lightly to bring the ball around the field is called a ______.Dribble
66.9%
One of the four things you should where to play soccer going downShin Guards
56.6%
Cleats
54.8%
Jersey
53.6%
Shorts
52.8%

You're not logged in!

Compare scores with friends on all Sporcle quizzes.
OR
Log In

From the Vault

MLB All-Star Shortstops (NL)

by ian2813

The best thing about being a shortstop in the NL is that you're not automatically the worst hitter on the team.
Remove Ads.
Support Sporcle.
Get the best of Sporcle when you Go Orange. This ad-free experience offers more features, more stats, and more fun while also helping to support Sporcle. Thank you for becoming a member.

Show Comments

Extras

Created Mar 1, 2012ReportNominate
Tags:Soccer Quiz, rule

Top Quizzes Today


Score Distribution

Your Account Isn't Verified!

In order to create a playlist on Sporcle, you need to verify the email address you used during registration. Go to your Sporcle Settings to finish the process.

Report this User

Report this user for behavior that violates our Community Guidelines.

Details: